In The Third Session Of The Sixth Parliament Of The Fourth Republic Of Ghana Report Of The Finance Committee On The Loan Agreement Between of The Government Of The Republic Of Ghana And Kreditanstalt Fur Wiedewaufbau (KFW), Frankfurt Am Main For An Amounts Of Seven Million, Three Hundred And Ten Thousand Euros (17,310,000 Million) To Co-Finance The Multi-Donor Budget Support (MDBS) Programme. (Record no. 5015)

MARC details
000 -LEADER
fixed length control field 00840nam a22001697a 4500
003 - CONTROL NUMBER IDENTIFIER
control field OSt
005 - DATE AND TIME OF LATEST TRANSACTION
control field 20241224101111.0
008 - FIXED-LENGTH DATA ELEMENTS--GENERAL INFORMATION
fixed length control field 241224b |||||||| |||| 00| 0 eng d
041 ## - LANGUAGE CODE
Language code of text/sound track or separate title English
082 ## - DEWEY DECIMAL CLASSIFICATION NUMBER
Classification number PM/MDBS/ Acc. No. 10,695
110 ## - MAIN ENTRY--CORPORATE NAME
Corporate name or jurisdiction name as entry element Finance Committee
245 ## - TITLE STATEMENT
Title In The Third Session Of The Sixth Parliament Of The Fourth Republic Of Ghana Report Of The Finance Committee On The Loan Agreement Between of The Government Of The Republic Of Ghana And Kreditanstalt Fur Wiedewaufbau (KFW), Frankfurt Am Main For An Amounts Of Seven Million, Three Hundred And Ten Thousand Euros (17,310,000 Million) To Co-Finance The Multi-Donor Budget Support (MDBS) Programme.
260 ## - PUBLICATION, DISTRIBUTION, ETC.
Place of publication, distribution, etc. Accra
Name of publisher, distributor, etc. Parliament Of Ghana
Date of publication, distribution, etc. July 2015
300 ## - PHYSICAL DESCRIPTION
Extent 5P
650 ## - SUBJECT ADDED ENTRY--TOPICAL TERM
Source of heading or term Co-Finance The Multi-Donor Budget Support (MDBS) Programme.
942 ## - ADDED ENTRY ELEMENTS (KOHA)
Source of classification or shelving scheme Dewey Decimal Classification
Koha item type Committee Reports
Suppress in OPAC No
Holdings
Withdrawn status Lost status Source of classification or shelving scheme Damaged status Not for loan Home library Current library Shelving location Date acquired Total checkouts Full call number Date last seen Copy number Price effective from Koha item type
    Dewey Decimal Classification     Main Library Main Library Open Shelves 24/12/2024   PM/MDBS/ Acc. No. 10,695 C1 24/12/2024 1 24/12/2024 Committee Reports
    Dewey Decimal Classification     Main Library Main Library Open Shelves 24/12/2024   PM/MDBS/ Acc. No. 10,696 C2 24/12/2024 2 24/12/2024 Committee Reports
    Dewey Decimal Classification     Main Library Main Library Open Shelves 24/12/2024   PM/MDBS/ Acc. No. 10,697 C3 24/12/2024 3 24/12/2024 Committee Reports
©2026  Parliament of Ghana Library - All rights reserved